سرخوش شناسی / (Record no. 42078)

MARC details
000 -LEADER
fixed length control field 00991nam a22002537a 4500
005 - DATE AND TIME OF LATEST TRANSACTION
control field 2010081600260.0
008 - FIXED-LENGTH DATA ELEMENTS--GENERAL INFORMATION
fixed length control field 090601t xxu||||| |||| 00| 0 Ur d
010 ## - LCCN (DPL NO)
LC control number UR-7738
020 ## - INTERNATIONAL STANDARD BOOK NUMBER
Terms of availability 350.00
035 ## - SYSTEM CONTROL NUMBER
System control number U-6293
040 ## - CATALOGING SOURCE
Original cataloging agency dpl
Language of cataloging Urdu
082 ## - DEWEY DECIMAL CLASSIFICATION NUMBER
Classification number ک
100 ## - MAIN ENTRY--PERSONAL NAME
Personal name شبیراحمد
9 (RLIN) 13525
245 ## - TITLE STATEMENT
Title سرخوش شناسی /
Statement of responsibility, etc شبیراحمد
246 ## - VARYING FORM OF TITLE
Title proper/short title Sarkhush Shenasi /
Remainder of title by Shabbir Ahmad
260 ## - PUBLICATION, DISTRIBUTION, ETC. (IMPRINT)
Place of publication, distribution, etc شبیراحمد
Date of publication, distribution, etc 2008
270 ## - ADDRESS
Address Shabbir Ahmad
300 ## - PHYSICAL DESCRIPTION
Extent 223 ص
Other physical details 22 س م (Hb)
700 ## - ADDED ENTRY--PERSONAL NAME
9 (RLIN) 13766
710 ## - ADDED ENTRY--CORPORATE NAME
Corporate name or jurisdiction name as entry element ساحل احمد
9 (RLIN) 13526
942 ## - ADDED ENTRY ELEMENTS (KOHA)
Source of classification or shelving scheme Dewey Decimal Classification
Item type Urdu Bks
Classification part 841.08
Call number suffix س ہ ی
Holdings
Withdrawn status Lost status Source of classification or shelving scheme Damaged status Not for loan Collection code Home library Current library Date acquired Source of acquisition Cost, normal purchase price Total Checkouts Full call number Barcode Date last seen Copy number Cost, replacement price Koha item type
    Dewey Decimal Classification   Not For Loan Non-fiction D.B.Act.Division D.B.Act.Division 16/08/2010 DBAD/PUB 350.00   841.08 س ہ ی U-6293 16/08/2010 1 350.00 Urdu Bks

© Delhi Public Library
Hit Counter
free hit counter